| 000 | 01059nam a22003377a 4500 | ||
|---|---|---|---|
| 003 | CHAP | ||
| 005 | 20220817042313.0 | ||
| 008 | 971013s1990 r 00010 d | ||
| 010 | _a40181 | ||
| 011 | _a41153 | ||
| 035 | _a45279 | ||
| 040 | _cCHAP | ||
| 082 |
_a636.085 _bE58 1990 |
||
| 100 | 0 | 0 |
_aEnsminger, Milton Eugene. _937104 |
| 245 | _aFeeds & nutrition | ||
| 250 | _a2 ed. | ||
| 260 |
_aClovis, Ca. : _bEnsminger Publishing, _c1990 |
||
| 300 |
_a1543 p. _b: ilus. |
||
| 500 | _aTit. anterior: Feeds & nutrition complete | ||
| 590 |
_aBATCH-UPD _b10 _c20130110 _lUCH01 _h1547 |
||
| 590 |
_aBATCH-UPD _b10 _c20130410 _lUCH01 _h0946 |
||
| 590 |
_aBATCH-UPD _b10 _c20130914 _lUCH01 _h1604 |
||
| 590 |
_aCONVERSION _b10 _c20130109 _lUCH01 _h1322 |
||
| 650 | 1 | 4 |
_aAlimentos y alimentacion del ganado. _94326 |
| 650 | 1 | 4 | _aNutrición animal. |
| 700 | 0 |
_aHeinemann, W. W. _953355 |
|
| 700 | 0 |
_aOldfield, J. E. _982980 |
|
| 901 | _aBK | ||
| 942 | _cLIBRO | ||
| 949 |
_a636.085 E58 1990 _bBC _cLIBRO _d33724000000519 _eLIBRO _gI.179173 _h88181 _i45279 _si _t525.00 |
||
| 999 |
_c40181 _d40181 |
||